000 00733nam a22001935i 4500
001 159022
003 ES-MaACL
005 20251120063144.0
008 980103s1851 sp |||| | spa d
040 _aNA
_bspa
_cNA
100 1 _aMartínez Villergas, Juan,
_d1817-1894
_978481
245 1 0 _aParalelo entre la vida militar de Espartero y la de Narvaez ... /
_cpor Juan Martinez Villergas.
260 _aMadrid :
_b[s. n. ],
_c1851 (
_fImprenta de J. Antonio Ortigosa)
300 _aIX, 320 p. ;
_c21 cm.
600 1 4 _aEspartero, Baldomero,
_d1793-1879
_947778
600 1 7 _aValencia, Ramón María Narváez,
_cDuque de,
_d1800-1868
_2
_9130396
852 _aES-MaACL
_jG-4800
_z-- Enc. cartón
999 _c159022
_d159022